[Event "V Sarkany-Aranytiz GM"]
[Site "Budapest HUN"]
[Date "2014.08.20"]
[Round "5.3"]
[White "Horvath, Csaba"]
[Black "Izso, Daniel"]
[Result "1-0"]
[WhiteTitle "GM"]
[WhiteElo "2540"]
[BlackElo "2370"]
[WhiteFideId "700118"]
[BlackFideId "723924"]
[EventDate "2014.08.16"]

1. Nf3 Nf6 2. g3 d5 3. Bg2 e6 4. O-O b5 5. d3 Be7 6. c4 bxc4 7. dxc4 c6 8. Nc3
O-O 9. Nd4 Ba6 10. cxd5 cxd5 11. Bf4 Bb7 12. Rc1 Na6 13. a3 Nd7 14. b4 g5 15.
Be3 Nb6 16. Na4 Rc8 17. Nxb6 axb6 18. Rxc8 Qxc8 19. Qa4 Qa8 20. Nf3 h6 21. Bxb6
Rb8 22. Rc1 Bf8 23. Bd4 Rc8 24. Rxc8 Qxc8 25. h4 Qc4 26. hxg5 hxg5 27. e3 Qa2
28. Qd7 Qb1+ 29. Bf1 Nc5 30. Bxc5 Bxc5 31. Qxb7 1-0

[Event "V Sarkany-Aranytiz GM"]
[Site "Budapest HUN"]
[Date "2014.08.20"]
[Round "5.4"]
[White "Zhou, Yang-Fan"]
[Black "Kislik, Erik Andrew"]
[Result "1/2-1/2"]
[WhiteTitle "IM"]
[BlackTitle "IM"]
[WhiteElo "2475"]
[BlackElo "2362"]
[WhiteFideId "468584"]
[BlackFideId "2022702"]
[EventDate "2014.08.16"]

1. e4 e5 2. Nf3 Nc6 3. d4 exd4 4. Nxd4 Nf6 5. Nxc6 bxc6 6. e5 Qe7 7. Qe2 Nd5 8.
c4 Ba6 9. Nd2 O-O-O 10. Qe4 Nb6 11. f4 f6 12. b3 g6 13. Bb2 Re8 14. O-O-O Bg7
15. Nf3 Bb7 16. Re1 c5 17. Qe3 fxe5 18. fxe5 Rhf8 19. Bd3 Bxf3 20. gxf3 d6 21.
h4 Bxe5 22. Bxe5 Qxe5 23. Qxe5 dxe5 24. Re3 Re7 25. h5 g5 26. h6 Rf6 27. Be4 Nd7
28. Rd3 c6 29. Rdd1 1/2-1/2

[Event "V Sarkany-Aranytiz GM"]
[Site "Budapest HUN"]
[Date "2014.08.20"]
[Round "5.5"]
[White "Szabo, Gergely-Andras-Gyula"]
[Black "Fernandez, Daniel Howard"]
[Result "1/2-1/2"]
[WhiteTitle "GM"]
[BlackTitle "IM"]
[WhiteElo "2541"]
[BlackElo "2400"]
[WhiteFideId "1205064"]
[BlackFideId "5801605"]
[EventDate "2014.08.16"]

1. d4 b5 2. e4 a6 3. Bd3 Bb7 4. Nf3 e6 5. O-O c5 6. c3 d6 7. Qe2 Nd7 8. a4 c4 9.
Bc2 Be7 10. Bf4 Ngf6 11. Nbd2 O-O 12. Rfe1 Qc7 13. e5 dxe5 14. dxe5 Bxf3 15.
Nxf3 Nd5 16. Qe4 g6 17. Bh6 Rfb8 18. axb5 1/2-1/2

[Event "V Sarkany-Aranytiz GM"]
[Site "Budapest HUN"]
[Date "2014.08.21"]
[Round "6.1"]
[White "To, Nhat Minh"]
[Black "Fernandez, Daniel Howard"]
[Result "0-1"]
[WhiteTitle "IM"]
[BlackTitle "IM"]
[WhiteElo "2339"]
[BlackElo "2400"]
[WhiteFideId "729019"]
[BlackFideId "5801605"]
[EventDate "2014.08.16"]
[EventType "tourn"]

1. d4 Nf6 2. c4 g6 3. Nc3 Bg7 4. e4 O-O 5. Bd3 d6 6. Nge2 Nbd7 7. Ng3 c5 8. d5
a6 9. a4 h5 10. O-O h4 11. Nh1 e6 12. Bg5 Qb6 13. a5 Qxb2 14. Bd2 Nxd5 15. exd5
Bxc3 16. Bxc3 Qxc3 17. dxe6 Ne5 18. exf7+ Rxf7 19. Be4 Rf6 20. Rb1 Rb8 21. Rb6
Qd4 22. Qxd4 cxd4 23. c5 Nc4 24. Bd5+ Be6 25. Bxc4 Bxc4 26. Rd1 Re6 27. Rxd6
Rbe8 28. Rxe6 Rxe6 29. f3 d3 30. Nf2 Bb3 0-1

[Event "V Sarkany-Aranytiz GM"]
[Site "Budapest HUN"]
[Date "2014.08.21"]
[Round "6.2"]
[White "Kislik, Erik Andrew"]
[Black "Szabo, Gergely-Andras-Gyula"]
[Result "0-1"]
[WhiteTitle "IM"]
[BlackTitle "GM"]
[WhiteElo "2362"]
[BlackElo "2541"]
[WhiteFideId "2022702"]
[BlackFideId "1205064"]
[EventDate "2014.08.16"]
[EventType "tourn"]

1. e4 e6 2. d4 d5 3. Nd2 c5 4. exd5 Qxd5 5. Ngf3 cxd4 6. Bc4 Qd6 7. O-O Nf6 8.
Nb3 Nc6 9. Nbxd4 Nxd4 10. Nxd4 Bd7 11. c3 Qc7 12. Qe2 a6 13. Bg5 O-O-O 14. Bh4
Bd6 15. Bg3 Bxg3 16. hxg3 h5 17. Nf3 Bc6 18. Rfd1 Bxf3 19. Rxd8+ Rxd8 20. gxf3
h4 21. g4 Nh7 22. Bb3 Ng5 23. Rd1 Nh3+ 24. Kf1 Rxd1+ 25. Bxd1 Nf4 26. Qe4 Qd6
27. Bc2 g5 28. Qh7 Qd2 29. Qh8+ Kd7 30. Qd4+ Qxd4 31. cxd4 Kd6 32. Be4 b6 33.
Bb7 a5 34. Be4 f6 35. Bb7 b5 36. Be4 b4 37. a3 e5 38. dxe5+ fxe5 39. axb4 axb4
40. b3 Kc5 41. Bh7 Kd4 42. Bg8 Kc3 43. Bc4 Nd3 0-1

[Event "V Sarkany-Aranytiz GM"]
[Site "Budapest HUN"]
[Date "2014.08.21"]
[Round "6.3"]
[White "Izso, Daniel"]
[Black "Zhou, Yang-Fan"]
[Result "0-1"]
[BlackTitle "IM"]
[WhiteElo "2370"]
[BlackElo "2475"]
[WhiteFideId "723924"]
[BlackFideId "468584"]
[EventDate "2014.08.16"]
[EventType "tourn"]

1. e4 c5 2. Nf3 d6 3. d4 Nf6 4. Nc3 cxd4 5. Nxd4 g6 6. Be3 a6 7. f3 b5 8. Qd2
Bb7 9. O-O-O Nbd7 10. g4 h6 11. h4 b4 12. Nce2 e5 13. Nb3 a5 14. Kb1 d5 15. g5
hxg5 16. Bxg5 a4 17. Nbc1 Qb6 18. Bh3 d4 19. Ng3 Bd6 20. h5 Nxh5 21. Nxh5 Rxh5
22. Bxd7+ Kxd7 23. Rxh5 gxh5 24. Rh1 Ba6 25. Rxh5 Bc4 26. b3 axb3 27. cxb3 Be6
28. f4 Qc6 29. Qc2 exf4 30. Qxc6+ Kxc6 31. Bf6 f3 32. Bxd4 Rg8 33. Rh1 Bc5 34.
Bxc5 Kxc5 35. Kc2 Kd4 36. Rd1+ Kxe4 37. Re1+ Kd5 38. Nd3 Kd4 39. Nf4 f2 0-1

[Event "V Sarkany-Aranytiz GM"]
[Site "Budapest HUN"]
[Date "2014.08.21"]
[Round "6.4"]
[White "Korpa, Bence"]
[Black "Horvath, Csaba"]
[Result "1-0"]
[WhiteTitle "FM"]
[BlackTitle "GM"]
[WhiteElo "2418"]
[BlackElo "2540"]
[WhiteFideId "706671"]
[BlackFideId "700118"]
[EventDate "2014.08.16"]
[EventType "tourn"]

1. e4 g6 2. d4 Bg7 3. Nc3 d6 4. f4 a6 5. Nf3 Nd7 6. Bd3 c5 7. Be3 Ngf6 8. dxc5
Nxc5 9. Bxc5 dxc5 10. e5 Nh5 11. g3 O-O 12. Qe2 b5 13. O-O-O Qa5 14. Be4 Ra7 15.
Kb1 f5 16. Bd3 Bh6 17. Qf2 Be6 18. Be2 Qb6 19. Rd2 Qc6 20. Rhd1 Ng7 21. Ne1 g5
22. Bf3 Qc8 23. Qe3 gxf4 24. gxf4 Bf7 25. Nd3 Ne6 26. Bd5 Rc7 27. Qh3 Bg7 28.
Rg2 Kh8 29. Rdg1 Rg8 30. Qxf5 Nd8 31. e6 Bxe6 32. Rxg7 1-0

[Event "V Sarkany-Aranytiz GM"]
[Site "Budapest HUN"]
[Date "2014.08.21"]
[Round "6.5"]
[White "Hera, Imre Jr."]
[Black "Mihok, Oliver"]
[Result "1-0"]
[WhiteTitle "GM"]
[BlackTitle "IM"]
[WhiteElo "2566"]
[BlackElo "2455"]
[WhiteFideId "716855"]
[BlackFideId "728012"]
[EventDate "2014.08.16"]
[EventType "tourn"]

1. c4 c5 2. Nf3 Nc6 3. Nc3 e5 4. e3 Nf6 5. d4 e4 6. Ne5 g6 7. Be2 Bg7 8. Rb1 Qe7
9. b3 Nxe5 10. dxe5 Qxe5 11. Bb2 O-O 12. Nd5 Qg5 13. Ne7+ Kh8 14. Qd6 Rd8 15. h4
Qxg2 16. Qxf6 Rg8 17. Qxf7 Qxh1+ 18. Kd2 1-0

[Event "V Sarkany-Aranytiz GM"]
[Site "Budapest HUN"]
[Date "2014.08.22"]
[Round "7.1"]
[White "Mihok, Oliver"]
[Black "To, Nhat Minh"]
[Result "1-0"]
[WhiteTitle "IM"]
[BlackTitle "IM"]
[WhiteElo "2455"]
[BlackElo "2339"]
[WhiteFideId "728012"]
[BlackFideId "729019"]
[EventDate "2014.08.16"]
[EventType "tourn"]

1. d4 Nf6 2. Nc3 d5 3. Bg5 Nbd7 4. Nf3 e6 5. e3 Be7 6. Bd3 c5 7. O-O O-O 8. Ne5
Nxe5 9. dxe5 Nd7 10. Bxe7 Qxe7 11. f4 f6 12. Qh5 g6 13. exf6 Nxf6 14. Qg5 c4 15.
Be2 b5 16. Bf3 b4 17. Ne2 Bb7 18. Nd4 Rae8 19. a3 bxa3 20. Rxa3 a6 21. Qe5 Qc5
22. Nxe6 Qb6 23. f5 Bc8 24. Bxd5 Bxe6 25. Bxe6+ Kg7 26. Qd4 1-0

[Event "V Sarkany-Aranytiz GM"]
[Site "Budapest HUN"]
[Date "2014.08.22"]
[Round "7.2"]
[White "Horvath, Csaba"]
[Black "Hera, Imre Jr."]
[Result "1/2-1/2"]
[WhiteTitle "GM"]
[BlackTitle "GM"]
[WhiteElo "2540"]
[BlackElo "2566"]
[WhiteFideId "700118"]
[BlackFideId "716855"]
[EventDate "2014.08.16"]
[EventType "tourn"]

1. Nf3 c5 2. e4 e6 3. d4 cxd4 4. Nxd4 a6 5. Bd3 Bc5 6. Nb3 Be7 7. Qg4 g6 8. Qe2
d6 9. O-O Nd7 10. Na3 Ne5 11. Nc4 Nxc4 12. Bxc4 1/2-1/2

[Event "V Sarkany-Aranytiz GM"]
[Site "Budapest HUN"]
[Date "2014.08.22"]
[Round "7.3"]
[White "Zhou, Yang-Fan"]
[Black "Korpa, Bence"]
[Result "1-0"]
[WhiteTitle "IM"]
[BlackTitle "FM"]
[WhiteElo "2475"]
[BlackElo "2418"]
[WhiteFideId "468584"]
[BlackFideId "706671"]
[EventDate "2014.08.16"]
[EventType "tourn"]

1. e4 c6 2. Nc3 d5 3. Qf3 d4 4. Bc4 e6 5. Nce2 c5 6. Qg3 Nc6 7. d3 g6 8. f4 Bg7
9. Nf3 Nge7 10. O-O Na5 11. Bb5+ Bd7 12. a4 Nac6 13. Bd2 Qc7 14. Qh4 h6 15. c3
Rc8 16. cxd4 cxd4 17. a5 a6 18. Bc4 f5 19. e5 Kf7 20. Nexd4 Nxd4 21. Nxd4 Nc6
22. Nb3 Qd8 23. Qf2 Qe7 24. Be3 Rhe8 25. Bc5 Qd8 26. Bb6 Qe7 27. Nc5 Nd8 28. b4
Bc6 29. Qa2 Bb5 30. Bb3 Rc6 31. Rf2 Bf8 32. d4 Kg7 33. Rd1 Kh8 34. Rfd2 Qg7 35.
Bxd8 Rxd8 36. Bxe6 Rc7 37. Bc4 Bd7 38. Kh1 Bc8 39. h3 g5 40. fxg5 hxg5 41. Be6
Qh6 42. Bxc8 Rdxc8 43. Qe6 Qh7 44. d5 Bxc5 45. bxc5 Rxc5 46. d6 R5c6 47. Qf6+
Kg8 48. Qxg5+ 1-0

[Event "V Sarkany-Aranytiz GM"]
[Site "Budapest HUN"]
[Date "2014.08.22"]
[Round "7.4"]
[White "Szabo, Gergely-Andras-Gyula"]
[Black "Izso, Daniel"]
[Result "1/2-1/2"]
[WhiteTitle "GM"]
[WhiteElo "2541"]
[BlackElo "2370"]
[WhiteFideId "1205064"]
[BlackFideId "723924"]
[EventDate "2014.08.16"]
[EventType "tourn"]

1. c4 Nf6 2. Nc3 e6 3. e4 d5 4. cxd5 exd5 5. e5 Ne4 6. Nf3 Nc6 7. a3 Bg4 8. Bb5
Ng5 9. d4 Nxf3+ 10. gxf3 Be6 11. Be3 Be7 12. Qc2 O-O 13. Bd3 g6 14. O-O-O Bh4
15. Ne2 Ne7 16. Rdg1 Kh8 17. Nf4 Nf5 18. Ng2 Be7 19. h4 1/2-1/2

[Event "V Sarkany-Aranytiz GM"]
[Site "Budapest HUN"]
[Date "2014.08.22"]
[Round "7.5"]
[White "Fernandez, Daniel Howard"]
[Black "Kislik, Erik Andrew"]
[Result "1-0"]
[WhiteTitle "IM"]
[BlackTitle "IM"]
[WhiteElo "2400"]
[BlackElo "2362"]
[WhiteFideId "5801605"]
[BlackFideId "2022702"]
[EventDate "2014.08.16"]
[EventType "tourn"]

1. Nf3 d5 2. g3 Nf6 3. Bg2 e6 4. O-O Be7 5. d4 O-O 6. Nbd2 b5 7. a4 b4 8. Ne5 a5
9. c4 bxc3 10. bxc3 c5 11. Nb3 cxd4 12. Nxd4 Ra6 13. Rb1 Bd6 14. Nd3 Nc6 15. Nb5
Be7 16. Bf4 Bb7 17. Qb3 Qd7 18. Nc7 Ra7 19. Qb6 Rc8 20. Ne5 Qxc7 21. Nxc6 Qxb6
22. Nxe7+ Kf8 23. Nxc8 Qa6 24. Nxa7 Qxa7 25. c4 Qa6 26. Rfc1 Bc6 27. c5 Nd7 28.
Bd6+ Kg8 29. Bf1 Bxa4 30. e4 Qc6 31. exd5 exd5 32. Re1 h6 33. Re7 g6 34. Bh3 1-0

[Event "V Sarkany-Aranytiz GM"]
[Site "Budapest HUN"]
[Date "2014.08.23"]
[Round "8.1"]
[White "Hera, Imre Jr."]
[Black "Zhou, Yang-Fan"]
[Result "1-0"]
[WhiteTitle "GM"]
[BlackTitle "IM"]
[WhiteElo "2566"]
[BlackElo "2475"]
[WhiteFideId "716855"]
[BlackFideId "468584"]
[EventDate "2014.08.16"]

1. d4 Nf6 2. Bg5 c5 3. Bxf6 gxf6 4. d5 Qb6 5. Qc1 f5 6. c4 d6 7. Nc3 Nd7 8. e3
Bg7 9. Qc2 Ne5 10. Nh3 h5 11. Be2 Bd7 12. O-O h4 13. Rab1 Bf6 14. a3 Rg8 15. Nf4
Qc7 16. h3 Bh8 17. Kh1 b6 18. Nh5 Ng6 19. Bd3 Qc8 20. Nf4 e5 21. dxe6 fxe6 22.
Nxg6 Rxg6 23. e4 Qb7 24. f3 Bxc3 25. exf5 exf5 26. bxc3 Rf6 27. Qf2 O-O-O 28.
Qxh4 Rdf8 29. Rfe1 Bc6 30. Qf4 R8f7 31. Re2 Qa6 32. Rbe1 Qxa3 33. Qd2 Rd7 34.
Qg5 Rdf7 35. Qd2 Rd7 36. Qg5 Rdf7 37. Re7 Qxc3 38. Qg8+ Rf8 39. Qg7 Kb8 40. Kh2
Rc8 41. Bxf5 1-0

[Event "V Sarkany-Aranytiz GM"]
[Site "Budapest HUN"]
[Date "2014.08.23"]
[Round "8.2"]
[White "Izso, Daniel"]
[Black "Fernandez, Daniel Howard"]
[Result "0-1"]
[BlackTitle "IM"]
[WhiteElo "2370"]
[BlackElo "2400"]
[WhiteFideId "723924"]
[BlackFideId "5801605"]
[EventDate "2014.08.16"]

1. e4 c6 2. d4 d5 3. e5 Bf5 4. Nd2 e6 5. Nb3 Nd7 6. Nf3 Ne7 7. Be2 c5 8. dxc5
Nc6 9. Bf4 Nxc5 10. Nbd4 Bg6 11. O-O Be7 12. c4 O-O 13. a3 Nxd4 14. Nxd4 dxc4
15. Bxc4 Nd3 16. Bxd3 Qxd4 17. Bxg6 Qxf4 18. Qd7 Bc5 19. Bc2 Qxe5 20. Qd3 g6 21.
b4 Bb6 22. Qf3 Rac8 23. Rfe1 Qc3 24. Qxc3 Rxc3 25. Be4 Rd8 26. Ra2 Rd7 27. g3 h5
28. Rb1 h4 29. Kf1 Kg7 30. a4 Rc4 31. Bf3 Bd8 32. a5 Rdd4 33. b5 Rb4 34. Rxb4
Rxb4 35. Bxb7 Rxb5 36. a6 h3 37. Ke2 Rb3 38. Bf3 f5 39. Bc6 Bb6 40. f4 Bg1 41.
Rd2 Rb6 42. Bb7 Bxh2 43. Kf2 Rb1 44. Bf3 Bg1+ 45. Ke2 Bb6 46. Rd7+ Kh6 47. Rb7
h2 48. Rb8 Rb2+ 49. Kd1 Ra2 50. Kc1 Bd4 0-1

[Event "V Sarkany-Aranytiz GM"]
[Site "Budapest HUN"]
[Date "2014.08.23"]
[Round "8.3"]
[White "Korpa, Bence"]
[Black "Szabo, Gergely-Andras-Gyula"]
[Result "1/2-1/2"]
[WhiteTitle "FM"]
[BlackTitle "GM"]
[WhiteElo "2418"]
[BlackElo "2541"]
[WhiteFideId "706671"]
[BlackFideId "1205064"]
[EventDate "2014.08.16"]

1. c4 c5 2. Nf3 Nc6 3. Nc3 e5 4. e3 Nf6 5. d4 cxd4 6. exd4 e4 7. Ne5 Bb4 8. a3
Bxc3+ 9. bxc3 Qa5 10. Nxc6 bxc6 1/2-1/2

[Event "V Sarkany-Aranytiz GM"]
[Site "Budapest HUN"]
[Date "2014.08.23"]
[Round "8.4"]
[White "To, Nhat Minh"]
[Black "Kislik, Erik Andrew"]
[Result "1/2-1/2"]
[WhiteTitle "IM"]
[BlackTitle "IM"]
[WhiteElo "2339"]
[BlackElo "2362"]
[WhiteFideId "729019"]
[BlackFideId "2022702"]
[EventDate "2014.08.16"]

1. c3 d5 2. d4 Nf6 3. Nf3 e6 4. a3 Be7 5. h3 O-O 6. Bf4 c5 7. e3 Nc6 8. Nbd2 b6
9. Bd3 Bb7 10. O-O Bd6 11. b4 Bxf4 12. exf4 cxd4 13. cxd4 Qd6 14. g3 Rac8 15.
Qa4 Rc7 16. Rfc1 Rfc8 17. Rc2 g6 18. Rac1 Kg7 19. Nb3 a6 20. Bxa6 Bxa6 21. Qxa6
Nxb4 22. Qxc8 Nxc2 23. Qb8 Nd7 24. Qd8 Rc6 25. a4 Nb4 26. Rxc6 Nxc6 27. Qc8 Ne7
28. Qd8 Nc6 29. Qc8 Ne7 30. Qd8 Nc6 1/2-1/2

[Event "V Sarkany-Aranytiz GM"]
[Site "Budapest HUN"]
[Date "2014.08.23"]
[Round "8.5"]
[White "Mihok, Oliver"]
[Black "Horvath, Csaba"]
[Result "1/2-1/2"]
[WhiteTitle "IM"]
[BlackTitle "GM"]
[WhiteElo "2455"]
[BlackElo "2540"]
[WhiteFideId "728012"]
[BlackFideId "700118"]
[EventDate "2014.08.16"]

1. e4 c5 2. Nf3 e6 3. d4 cxd4 4. Nxd4 a6 5. Nc3 b5 6. Bd3 Bb7 7. O-O Nc6 8. Nxc6
Bxc6 9. Qe2 Bc5 10. Be3 Bxe3 11. Qxe3 Ne7 1/2-1/2

[Event "V Sarkany-Aranytiz GM"]
[Site "Budapest HUN"]
[Date "2014.08.24"]
[Round "9.1"]
[White "Zhou, Yang-Fan"]
[Black "Mihok, Oliver"]
[Result "1/2-1/2"]
[WhiteTitle "IM"]
[BlackTitle "IM"]
[WhiteElo "2475"]
[BlackElo "2455"]
[WhiteFideId "468584"]
[BlackFideId "728012"]
[EventDate "2014.08.16"]

1. Nf3 d5 2. g3 c6 3. Bg2 Bg4 4. O-O Nd7 5. d3 e6 6. h3 Bxf3 7. Bxf3 Bd6 8. c4
Ne7 9. cxd5 cxd5 10. Nc3 O-O 11. Nb5 Bxg3 12. fxg3 Qb6+ 13. Kg2 Qxb5 14. Qb3
Qxb3 15. axb3 Ne5 16. Be3 N7c6 17. Rfc1 Rfc8 18. Bc5 a6 19. Rc3 f6 20. Bb6 Nxf3
21. Kxf3 Kf7 22. Rac1 Ke7 23. e4 Ne5+ 24. Ke3 Rxc3 25. bxc3 dxe4 26. Kxe4 Rc8
27. Be3 Nf7 28. c4 f5+ 29. Kf3 e5 30. d4 exd4 31. Bxd4 Ng5+ 32. Ke3 g6 33. h4
Ne6 34. Bb2 Kf7 35. b4 Re8 36. Kf3 Nf8 37. b5 axb5 38. cxb5 Ne6 39. Ra1 Rd8 40.
Ra7 Rd3+ 41. Ke2 Rd7 42. Ke3 Nc7 43. Kf4 Nxb5 44. Ra5 Nc7 45. Kg5 Rd5 46. Ra7
Rb5 47. Bc3 f4+ 48. Kg4 fxg3 49. Kh3 Ne6 50. Be1 Nd4 51. Bxg3 Rb3 52. Kg2 Nf5
53. Bf2 Ke6 54. Ra8 Rc3 55. Rb8 Rc7 56. Kf3 Kd5 57. Kg4 Rf7 58. Bg1 Kc6 59. Rc8+
Rc7 60. Rf8 Kd5 61. h5 Ke6 62. Bb6 gxh5+ 63. Kxh5 Rf7 64. Rd8 Ke5 65. Ba5 Ke6
66. Bb6 Rg7 67. Ba5 h6 68. Bd2 Rg2 69. Bf4 Rf2 70. Kg4 Rg2+ 71. Kh5 Rg1 72. Rb8
Rh1+ 73. Kg6 Ne7+ 74. Kh7 Rb1 75. Kxh6 b5 76. Bd2 Rb2 77. Bc1 Rb1 78. Bd2 Nc6
79. Rb6 Kd5 80. Kg5 Ne5 81. Bc3 Nd3 82. Ba5 Kc4 83. Rc6+ Kd5 84. Rc8 Rg1+ 85.
Kf6 Rf1+ 86. Kg5 Nc5 87. Bb4 Ne4+ 88. Kg6 Rb1 89. Ba3 Rb3 90. Bf8 Rg3+ 91. Kf5
Rf3+ 92. Kg4 Rf7 93. Bb4 Kd4 94. Rf8 Rg7+ 95. Kf3 Kc4 96. Ba5 Nc5 97. Ke3 Re7+
98. Kf3 Kb3 99. Rf4 Nd3 100. Rf5 Ka4 101. Bd2 Ne5+ 102. Kf2 Nc4 103. Be1 Re6
104. Rf3 Rd6 105. Ke2 Rh6 106. Bc3 Rh2+ 107. Rf2 Rh3 108. Rf3 Rh5 109. Be1 Re5+
110. Kd1 Nb2+ 111. Kc1 Nc4 112. Kd1 b4 113. Bxb4 Kxb4 114. Kc2 Rd5 115. Rd3 Rh5
116. Rb3+ Kc5 117. Rb8 Rh2+ 118. Kd3 Rh3+ 119. Ke4 Re3+ 120. Kf4 Re7 121. Rd8
Nd6 122. Kf3 Kd5 123. Kf4 Rh7 124. Ke3 Ke5 125. Kd3 Rh3+ 126. Kc2 Kd5 127. Kd2
Kc5 128. Ke2 Nc4 129. Kf2 1/2-1/2

[Event "V Sarkany-Aranytiz GM"]
[Site "Budapest HUN"]
[Date "2014.08.24"]
[Round "9.2"]
[White "Horvath, Csaba"]
[Black "To, Nhat Minh"]
[Result "1-0"]
[WhiteTitle "GM"]
[BlackTitle "IM"]
[WhiteElo "2540"]
[BlackElo "2339"]
[WhiteFideId "700118"]
[BlackFideId "729019"]
[EventDate "2014.08.16"]

1. Nf3 d5 2. g3 g6 3. Bg2 Bg7 4. d4 Nf6 5. O-O O-O 6. c4 c6 7. Nbd2 Bf5 8. b3
Ne4 9. Bb2 Nd7 10. Nh4 Nxd2 11. Qxd2 Be6 12. e4 dxe4 13. Bxe4 Nf6 14. Bg2 a5 15.
Rfe1 a4 16. Nf3 axb3 17. axb3 Qb6 18. Qc3 Rxa1 19. Bxa1 Re8 20. h3 Nd7 21. b4
Ra8 22. Qb3 Nf8 23. Bb2 Rd8 24. Ne5 Bxe5 25. Rxe5 Rxd4 26. Bxd4 Qxd4 27. Re4
Qa1+ 28. Kh2 b5 29. Qe3 bxc4 30. Qc5 Qb2 31. Re1 Qd2 32. Ra1 Nd7 33. Qxc6 Qxf2
34. b5 Nf6 35. b6 Bd5 36. Qxd5 Nxd5 37. b7 Ne3 38. b8=Q+ Kg7 39. Qe5+ f6 40.
Qxe7+ Kh6 41. Qe4 g5 42. Qf3 Qb2 43. Ra6 1-0

[Event "V Sarkany-Aranytiz GM"]
[Site "Budapest HUN"]
[Date "2014.08.24"]
[Round "9.3"]
[White "Szabo, Gergely-Andras-Gyula"]
[Black "Hera, Imre Jr."]
[Result "1/2-1/2"]
[WhiteTitle "GM"]
[BlackTitle "GM"]
[WhiteElo "2541"]
[BlackElo "2566"]
[WhiteFideId "1205064"]
[BlackFideId "716855"]
[EventDate "2014.08.16"]

1. e4 c6 2. d4 d5 3. Nc3 dxe4 4. Nxe4 Bf5 5. Ng3 Bg6 6. h4 h6 7. Nf3 Nd7 8. h5
Bh7 9. Bd3 Bxd3 10. Qxd3 e6 11. Bf4 Qa5+ 12. Bd2 Bb4 13. c3 1/2-1/2